Poesia Acústica #3 - Capricorniana pt1 - Statistics

Estatísticas Gerais
  • Esse quiz foi jogado 17 vezes
  • A pontuação média é 252 de 330
Estatísticas das Respostas
Resposta % Correto
a
88%
amanhã
88%
aqui
88%
cantar
88%
de
88%
doido
88%
e
88%
é
88%
ela
88%
escrevi
88%
eu
88%
hoje
88%
no
88%
nosso
88%
o
88%
ontem
88%
pensando
88%
pra
88%
que
88%
88%
som
88%
tava
88%
to
88%
abre
75%
acha
75%
ainda
75%
amor
75%
Ana
75%
ao
75%
arrancou
75%
as
75%
blusa
75%
boca
75%
borbulho
75%
canções
75%
Capricorniana
75%
cheiro
75%
com
75%
combine
75%
contigo
75%
converso
75%
cor
75%
coração
75%
coragem
75%
75%
deixar
75%
dentro
75%
despreparado
75%
deusa
75%
embora
75%
engana
75%
enquanto
75%
ensaiado
75%
entendo
75%
essa
75%
esse
75%
estivesse
75%
estômago
75%
esvaziou
75%
falar
75%
firme
75%
fiz
75%
laje
75%
mais
75%
mas
75%
me
75%
meu
75%
minha
75%
montagem
75%
mover
75%
na
75%
não
75%
nem
75%
nóis
75%
outra
75%
partir
75%
pernas
75%
pode
75%
pouco
75%
precise
75%
pus
75%
quarto
75%
quem
75%
quer
75%
quero
75%
redor
75%
sabe
75%
se
75%
sem
75%
ser
75%
seu
75%
signifique
75%
sorriso
75%
sua
75%
talvez
75%
te
75%
tem
75%
tivesse
75%
tremem
75%
tudo
75%
um
75%
única
75%
vai
75%
vazio
75%
ver
75%
você
75%
aberto
63%
acabar
63%
acordo
63%
além
63%
casa
63%
63%
cedo
63%
desculpa
63%
destino
63%
digo
63%
diz
63%
dor
63%
dos
63%
era
63%
escolhas
63%
escuro
63%
explicação
63%
farol
63%
final
63%
fino
63%
fui
63%
fundo
63%
hora
63%
medo
63%
momento
63%
morro
63%
motivos
63%
mundo
63%
nesse
63%
ninguém
63%
peito
63%
pois
63%
preocupado
63%
qualquer
63%
rasgar
63%
saber
63%
são
63%
seja
63%
semana
63%
seus
63%
sol
63%
sombra
63%
sons
63%
sorrir
63%
tecido
63%
tenha
63%
ter
63%
todo
63%
verso
63%
vida
63%
viver
63%
voz
63%
aliviar
50%
consigo
50%
corre
50%
espera
50%
fechar
50%
simplesmente
50%
teve
50%
num
25%
Nenhum quiz correspondente encontrado
Distribuição das Pontuações
Porcentagem de Pessoas com Cada Pontuação
Percentil de Números Respondidos
Sua Pontuação Histórica
Você não jogou esse quiz